00864nam a22001815i 4500001000700000003000900007005001700016008004100033040002000074100003100094245019400125260006200319300002100381530003900402650001700441852009900458856012500557164041ES-MaACL20230906212848.0050818s1889 sp | |||||||| ||spa d aCAM bspa cCAM1 aRovira y Oliver, Rosalino.10aDel sarampión con recaídas b: comunicación leída y discutida en el Congreso Internacional de Medicina celebrado en Barcelona en septiembre de 1888 / cpor Rosalino Rovira y Oliver. aBarcelona : b[s.n.], c1889 (fImprenta de Pedro Ortega) a22 p. ; c21 cm. aDisponible también en sitio web. 4aSarampión. aES-MaACLjT-561-F-6 z-- Enc. hol., conservando la enc. original z-- Enc. en un vol. facticio uhttp://bibliotecadigitalhispanica.bne.es:80/webclient/DeliveryManager?pid=1833959&custom_att_2=simple_zIr a la página